Arca de Noé (Registo nº 434)

Detalhes MARC
000 -Etiqueta do registo
Cabeçalho 00717nam0a2200241 4500
005 - Identificador da versão
Campo de controlo 20240813121803.0
010 ## - Número internacional normalizado dos livros (ISBN)
Número (ISBN) 97225410X
021 ## - Número do Depósito Legal
Código do país PT
Número 152321/00
100 ## - Dados gerais de processamento
Dados gerais de processamento 20151016d2000 a e0pory5003 ba
102 ## - Pais de publicação ou produção
País de publicação Portugal
101 0# - Língua de publicação
Língua do texto, banda sonora, etc. Português
215 ## - Descrição física 
Indicação específica da natureza do documento e extensão da espécie 165, [2] p.
Outras indicações físicas il. color
200 1# - Titulo e menção de responsabilidade
Título próprio Arca de Noé
Informação de outro título III Classe
Primeira menção de responsabilidade Aquilino Ribeiro
Outras menções de responsabilidade il. de Luís Filipe de Abreu
210 ## - Publicação, Distribuição, etc. 
Lugar da edição, distribuição, etc. Lisboa
Nome do editor, distribuidor, etc. Bertrand
Data da publicação, distribuição, etc. D. L. 2000
606 ## - Nome comum usado como assunto
Número de registo de entrada de autoridade 0002010
Palavra de ordem Literatura portuguesa
Subdivisão de assunto Conto
Código do sistema CA
675 ## - Classificação Decimal Universal (CDU)
Notação 821.134.3-34
Edição 3ª ed.
Língua da edição por
702 #1 - Nome de autor-pessoa física (responsabilidade secundária)
Número de registo de entrada de autoridade 0002624
Palavra de ordem Abreu
Outra parte do nome não tomada para palavra de ordem Luís Filipe de
700 #1 - Nome de autor-pessoa física (responsabilidade principal)
Número de registo de entrada de autoridade 0002299
Palavra de ordem Ribeiro
Outra parte do nome não tomada para palavra de ordem Aquilino
Datas 1885-1963
966 ## - Identificação da Biblioteca
Sigla EB2,3ENM
942 ## - Elementos de entrada adicionados (Koha)
Tipo de item no Koha Livro
Exemplares
Situação do levantamento Origin of item (home branch) (coded) Biblioteca de empréstimo Código de barras Cota Circulation type (not for loan) Tipo de documento Nota do exemplar Damaged status
  Biblioteca Escolar Eng. Nuno Mergulhão Biblioteca Escolar Eng. Nuno Mergulhão BENM557 82LP-34 RIB   Livro Sem mensagem